Exposición nacional del libro del mar : guía guía
Descripción Física:
29 p., [4] p. de làm. : il. ; 29 cm
MARC
| LEADER | 00000nam a2200000Ia 4500 | ||
|---|---|---|---|
| 001 | 11432 | ||
| 003 | BGR | ||
| 005 | 20260410113705.0 | ||
| 008 | 160829s1943 xx 000 0 cat d | ||
| 080 | |a FU-27-35 | ||
| 245 | |a Exposición nacional del libro del mar : |b guía | ||
| 260 | |a Barcelona : |b Museo Marítimo, |c 1943 | ||
| 300 | |a 29 p., [4] p. de làm. : |b il. ; |c 29 cm | ||
| 610 | 2 | 0 | |a Museu Marítim (Barcelona, Catalunya) |v Exposicions |9 54805 |
| 650 | |a Mar |x Bibliografia |x Exposicions |9 33044 | ||
| 650 | |a Marina mercant |x Bibliografia |x Exposicions |9 33045 | ||
| 710 | 1 | |a Instituto Nacional del Libro Español |9 71197 | |
| 710 | |a Museu Marítim (Barcelona, Catalunya) |9 10020 | ||
| 856 | 4 | |u https://media.diba.cat/diba/fitxers/arxiu/fulletons/bib_11432_baixa.pdf |y Accés lliure | |
| 856 | 4 | |u https://media.diba.cat/diba/fitxers/arxiu/fulletons/bib_11432_baixa.pdf |y Accés lliure | |
| 900 | |a bib_11432_baixa.pdf | ||
| 901 | |a Arxiu | ||
| 942 | |n 1 |2 udc |c MON | ||
| 952 | |0 0 |1 0 |4 0 |6 FU2735 |7 1 |9 46186 |a Arxiu |b Arxiu |d 2016-12-01 |l 0 |o FU-27-35 |p 11432 |r 2016-12-01 00:00:00 |w 2016-12-01 |y ARXIU | ||
| 999 | |c 49688 |d 49688 | ||